000 01577cam a2200349 4500
001 J11880
008 000000n2002 000 0 eng u
035 _a(Sirsi) u120024
050 _a347.4107
110 _aRoyal Institution of Chartered Surveyors
_bDispute Resolution Faculty
245 _aDispute avoidance, management and resolution in the property life cycle
260 _aLondon
_bRICS
_c2002
300 _a1 folder (21 parts) ; 30cm.
520 _aIncludes 21 information sheets which provide an introduction to a number of topics that include: the Dispute Resolution Faculty and Dispute Resolution Service; arbitration; adjudication; independent expert determination; mediation; boundary disputes; construction disputes and rating appeals.
650 _aDISPUTE RESOLUTION SERVICE
650 _aRICS DISPUTE RESOLUTION FACULTY
650 _aMANAGEMENT-DISPUTE AVOIDANCE, MANAGEMENT AND RESOLUTION-DISPUTE MANAGEMENT AND RESOLUTION-ARBITRATION
650 _aMEDIATION
650 _aMANAGEMENT-DISPUTE AVOIDANCE, MANAGEMENT AND RESOLUTION-DISPUTE MANAGEMENT AND RESOLUTION-ALTERNATIVE DISPUTE RESOLUTION-ADJUDICATION
650 _aEXPERT WITNESS
_96239
650 _aBoundary disputes
_96221
650 _aCONSTRUCTION DISPUTES
650 _aRATING APPEALS
650 _aRURAL PROPERTY DISPUTES
650 _aLANDS TRIBUNAL
650 _aVALUATION TRIBUNALS
650 _aLEASEHOLD VALUATION TRIBUNAL
650 _aPLANNING INSPECTORATE
650 _aTECHNOLOGY AND CONSTRUCTION COURT
690 _aDispute resolution
_96236
942 _n0
999 _c102459
_d102459